LEADER 00922nam0-22002891i-450- 001 990001077130403321 005 20071010110754.0 035 $a000107713 035 $aFED01000107713 035 $a(Aleph)000107713FED01 035 $a000107713 100 $a20001205d1936----km-y0itay50------ba 101 0 $aeng 102 $aGB 200 1 $a<>treatise on the analytical dynamics of particles and rigid bodies$ewith an introduction to the problem of three bodies$fby E.T. Whittaker 205 $a4th ed. 210 $aCambridge$cCambridge University Press$d1936 610 0 $aMeccanica classica 676 $a531 700 1$aWhittaker,$bEdmund Taylor$f<1873-1956>$0123012 801 0$aIT$bUNINA$gRICA$2UNIMARC 901 $aBK 912 $a990001077130403321 952 $a24-022$b1424$fFI1 959 $aFI1 996 $aTreatise on the analytical dynamics of particles and rigid bodies$9107260 997 $aUNINA LEADER 00890nam0 22002411i 450 001 UON00154967 005 20231205102938.227 100 $a20020201d1963 |0itac50 ba 101 $atam 102 $aIN 105 $a|||| 1|||| 200 1 $aKarpanancali$fKovi Manisekaran 210 $a[s.l.]$c[s.n.]$d1963 215 $a60 p.$d20 cm 686 $aSI VI LCX$cSUBCONT. INDIANO - LETTERATURA TAMIL - PERIODO MODERNO - TESTI$2A 700 1$aMANISEKARAN$bKovi$3UONV081943$0669604 790 1$aMANICEKARAN, Kovi$zMANISEKARAN, Kovi$3UONV087715 801 $aIT$bSOL$c20240220$gRICA 899 $aSIBA - SISTEMA BIBLIOTECARIO DI ATENEO$2UONSI 912 $aUON00154967 950 $aSIBA - SISTEMA BIBLIOTECARIO DI ATENEO$dSI SI VI LCX 421 $eSI SA 63955 5 421 996 $aKarpanancali$91273542 997 $aUNIOR